Sports Quiz

Random Sports or NBA Quiz

Top 50 highest NBA salaries 2017-2018 season Quiz Stats

Quiz not verified by Sporcle

Challenge
Share
Tweet
Embed
Score 0/50 Timer 12:00
0 Plays Today
Position Athlete % Correct
Point GuardStephen Curry
97.2%
Small Forward LeBron James
97.2%
Shooting GuardJames Harden
88.8%
Small ForwardKevin Durant
88.6%
Point GuardRussell Westbrook
86%
Power Forward Anthony Davis
83.2%
Point GuardChris Paul
81.5%
Point GuardKyrie Irving
80.9%
Power Forward Blake Griffin
79.6%
CenterDeMarcus Cousins
79.6%
Small ForwardPaul George
78.3%
Point GuardMike Conley
78.1%
Small ForwardKawhi Leonard
78.1%
Small Forward Carmelo Anthony
77.2%
Small ForwardGordon Hayward
75.9%
Power Forward Kevin Love
75.5%
Point GuardJohn Wall
74%
Point GuardKyle Lowry
73.8%
CenterDeAndre Jordan
73.5%
Shooting GuardDeMar DeRozan
73.3%
CenterMarc Gasol
72%
Shooting GuardJimmy Butler
70.5%
CenterAl Horford
69.3%
Power Forward Paul Millsap
69.2%
Point GuardDamian Lillard
68.6%
Position Athlete % Correct
Shooting GuardBradley Beal
68.4%
Power Forward LaMarcus Aldridge
68%
CenterDwight Howard
65.2%
CenterBrook Lopez
61.5%
Shooting GuardCJ McCollum
60.7%
Small ForwardGiannis Antetokounmpo
59.3%
Shooting GuardDwyane Wade
56.6%
CenterRudy Gobert
53.3%
Small ForwardHarrison Barnes
49.2%
Shooting GuardJJ Redick
49.2%
Point GuardJeff Teague
46.5%
Point GuardJrue Holiday
45.4%
Power Forward Serge Ibaka
44.7%
CenterSteven Adams
44.3%
Shooting GuardVictor Oladipo
39.6%
Point GuardGeorge Hill
38.1%
Small ForwardChandler Parsons
37.2%
Small ForwardDanilo Gallinari
35.3%
CenterEnes Kanter
34.6%
Shooting GuardNicolas Batum
33.1%
Power Forward Ryan Anderson
33.1%
CenterGreg Monroe
32%
Shooting GuardAllen Crabbe
27.1%
Shooting GuardWesley Matthews
22.2%
Small ForwardOtto Porter Jr.
18.1%

You're not logged in!

Compare scores with friends on all Sporcle quizzes.
Sign Up with Email
OR
Log In

You Might Also Like...

Show Comments

Extras

Top Quizzes Today


Score Distribution

Your Account Isn't Verified!

In order to create a playlist on Sporcle, you need to verify the email address you used during registration. Go to your Sporcle Settings to finish the process.